Монументы Петербурга глазами бессмертных (Запись № 1519014)

Подробности
000 -МАРКЕР
контрольное поле 01878nam0a2200325 4500
001 - ИДЕНТИФИКАТОР ЗАПИСИ
контрольное поле RU\NLR\bibl\264457
005 - ИДЕНТИФИКАТОР ВЕРСИИ
контрольное поле 20260406203723.0
035 ## - ДРУГИЕ СИСТЕМНЫЕ НОМЕРА
Идентификатор записи (NLR Aleph) 000260069
100 ## - ДАННЫЕ ОБЩЕЙ ОБРАБОТКИ
Данные общей обработки 20020518d2001 u y0rusy50 ca
101 0# - ЯЗЫК РЕСУРСА
Язык текста, звукозаписи и т.д. русский
102 ## - СТРАНА ПУБЛИКАЦИИ ИЛИ ПРОИЗВОДСТВА
Страна публикации Российская Федерация
105 ## - ПОЛЕ КОДИРОВАННЫХ ДАННЫХ: ТЕКСТОВЫЕ МАТЕРИАЛЫ, МОНОГРАФИЧЕСКИЕ
Кодированные данные о монографическом текстовом документе a |||||||||
200 1# - ЗАГЛАВИЕ И СВЕДЕНИЯ ОБ ОТВЕТСТВЕННОСТИ
Основное заглавие Монументы Петербурга глазами бессмертных
Сведения, относящиеся к заглавию Графика
-- Выст. [Кат.], Санкт-Петербург, апр.-май 2001
Первые сведения об ответственности [Сост. Р.С. Евсеева]
210 ## - ПУБЛИКАЦИЯ, РАСПРОСТРАНЕНИЕ И ДР.
Место издания, распространения и т.д. СПб.
Имя издателя, распространителя и т. д. Б.и.
Дата издания, распространения и т.д. 2001
215 ## - ФИЗИЧЕСКАЯ ХАРАКТЕРИСТИКА
Специфическое обозначение материала и объем 57 с.
Другие сведения о физической характеристике ил.
Размеры 30
300 ## - ОБЩИЕ ПРИМЕЧАНИЯ
Текст примечания В надзаг.: Ком. по культуре Администрации Санкт-Петербурга, Гос. музей гор. скульптуры, С.-Петерб. акад. соврем. искусства бессмертных
300 ## - ОБЩИЕ ПРИМЕЧАНИЯ
Текст примечания На 3-й с.: Посвящается 300-летию Санкт-Петербурга
601 02 - НАИМЕНОВАНИЕ ОРГАНИЗАЦИИ КАК ПРЕДМЕТ
Начальный элемент ввода Санкт-Петербургская академия современного искусства
Системный номер авторитетной/нормативной записи 2060222
Идентификатор авторитетной/нормативной записи RU\NLR\auth\661235220
606 1# - НАИМЕНОВАНИЕ ТЕМЫ КАК ПРЕДМЕТ
Наименование темы Графика русская советская
Тематический подзаголовок Тематика
Системный номер авторитетной/нормативной записи 1066465
Идентификатор авторитетной/нормативной записи RU\NLR\auth\6696238
606 1# - НАИМЕНОВАНИЕ ТЕМЫ КАК ПРЕДМЕТ
Наименование темы Графика русская советская
Тематический подзаголовок Выставки
Географический подзаголовок Санкт-Петербург, город
Хронологический подзаголовок 2001
Системный номер авторитетной/нормативной записи 2258573
Идентификатор авторитетной/нормативной записи RU\NLR\auth\661354380
686 ## - ИНДЕКСЫ ДРУГИХ КЛАССИФИКАЦИЙ
Индекс Щ10е(2Р)л
686 ## - ИНДЕКСЫ ДРУГИХ КЛАССИФИКАЦИЙ
Индекс Щ153(2Р=Рус)7-3л62
702 #1 - ИМЯ ЛИЦА - ВТОРИЧНАЯ ОТВЕТСТВЕННОСТЬ
Начальный элемент ввода Евсеева
Часть имени, кроме начального элемента ввода Р.
Расширение инициалов личного имени Рита С.
Код отношения Составитель
711 02 - НАИМЕНОВАНИЕ ОРГАНИЗАЦИИ - АЛЬТЕРНАТИВНАЯ ОТВЕТСТВЕННОСТЬ
Код отношения Прочие
Начальный элемент ввода Санкт-Петербургская академия современного искусства бессмертных
Идентификатор авторитетной/нормативной записи RU\NLR\AUTH\889964002
Системный номер авторитетной/нормативной записи 424243
801 #0 - ИСТОЧНИК ЗАПИСИ
Страна Российская Федерация
Организация NLR
Дата составления 20020518
Правила каталогизации PSBO
801 #1 - ИСТОЧНИК ЗАПИСИ
Страна Российская Федерация
Организация NLR
Дата составления 20020518
942 ## - ДОПОЛНИТЕЛЬНЫЕ ЭЛЕМЕНТЫ ЗАПИСИ (АБИС)
Тип экземпляра АБИС Книга
980 ## - КОЛЛЕКЦИЯ
Название коллекции Национальная библиография
Экземпляры
Тип экземпляра Дата поступления Источник поступления Библиотека постоянного хранения Библиотека текущего хранения Место хранения Шифр хранения Штрих-код Статус экземпляра
Книга 18.05.2004 Дар РНБ (Садовая) РНБ (Садовая) Фонд эстампов и фотографий (изоизданий) Э КЛ452/2001 688065  
Книга 18.05.2002 Дар РНБ (Садовая) РНБ (Садовая) Фонд эстампов и фотографий (изоизданий) Э КЛ452/2001 269027